000 00346nam a2200145Ia 4500
008 150201s2006 xx 000 0 und d
082 _a615
_bM06C
100 _aCHAUDHARI, K.D.
245 _aMANUAL OF PHARMACOLOGY
250 _a11TH
260 _bJAYPEE BROTHERS
_aDELHI
_c2006
300 _a1-522
650 _aPHARMACOLOGY
942 _2ddc
_cBK
_019
999 _c170
_d170